00257nam a2200097Ia 4500008004100000041000800041082002700049100001900076245002400095260004000119230411s9999 xx 000 0 und d aeng aF/610.730 1/COL/B08115 aBastable Susan aNurse as a Educator bJohn and BarlettteaNew Delhic2015